Historia del Derecho Romano y su recepción europea.
Đã lưu trong:
| Tác giả chính: | |
|---|---|
| Tác giả khác: | |
| Định dạng: | Sách |
| Được phát hành: |
Madrid, España:
Centro de Estudios Ramón Areces, S.A.,
1995.
|
| Những chủ đề: | |
| Các nhãn: |
Thêm thẻ
Không có thẻ, Là người đầu tiên thẻ bản ghi này!
|
MARC
| LEADER | 00000nam a22000007a 4500 | ||
|---|---|---|---|
| 003 | CL-VaPUC | ||
| 005 | 20230310120847.0 | ||
| 008 | 220720t1995 ||||| |||| 00| 0 eng d | ||
| 999 | |c 437301 |d 437299 | ||
| 020 | |a 84-8004-159-5 | ||
| 040 | |c Pontificia Universidad Católica de Valparaíso | ||
| 082 | 0 | 4 | |a 340.54 PAR 1995 |2 21 |
| 100 | |a Paricio, Javier |e autor |9 583686 | ||
| 245 | 1 | 0 | |a Historia del Derecho Romano y su recepción europea. |
| 260 | |a Madrid, España: |b Centro de Estudios Ramón Areces, S.A., |c 1995. | ||
| 300 | |a 306 páginas. | ||
| 500 | |a c.1 Donación Familia Prof. Alejandro Guzmán Brito. | ||
| 583 | |a last modification |c 20120810 11:35:00 |k Cristina María Rojas Aguilar | ||
| 650 | 0 | |a Derecho romano |9 255930 |x Historia |z Europa | |
| 650 | 0 | |a Jurisprudencia romana |9 393300 | |
| 700 | 0 | |a Fernández Barreiro, A |e autor |9 563756 | |
| 942 | |c BK |2 ddc |n 0 | ||
| 952 | |0 0 |1 0 |2 ddc |4 0 |6 340_540000000000000_PAR_1995 |7 0 |8 C_AGB |9 585059 |a BIBDER |b BIBDER |d 2022-07-20 |e Donación |i 5653122 |o 340.54 PAR 1995 |p 5653122 |r 2023-01-25 |t 1 |w 2022-07-20 |y BK_US |k AGB | ||